Virtuální polytechnická knihovna - Souborný katalog - Úplný záznam dokumentu - MARC Uživatel: --- 
-----nas  22-----zu 4500
001 SKVPK0031895
003 CZ-VPK
005 20260423132058.0
008 260423d19791983||||| | |||  ||   |||||||
022   $a0149-5720
040   $aABA013$bcze
222  0$aNumerical Heat Transfer
245 00$aNumerical Heat Transfer
260   $aGeorgie Spojené státy americké :$b Washington : Hemisphere Publ., 1978,$
      c1979-1983
650 07$afyzika$xfy$2psh
785 00$tNumerical heat transfer. Part A, Applications$x1040-7782
785 00$tNumerical heat transfer. Part B, Fundamentals$x 1040-778
910   $aABA013$r1979-1981, 1983
OAI-PMH
 čtvrtek 14.05.2026 03:43:06 © 2001-2015 Národní technická knihovna 

[Virtuální polytechnická knihovna] [Servisní centrum] [Souborný katalog]